01163 2200373 4500001002100000005001500021035002000036007000300056008004100059020001800100082001000118084001600128100001900144245027500163250001000438260002800448300003900476650001200515700001400527700002000541700001700561700002100578700002200599700001900621700001400640700002500654700002500679700002000704700001700724990001200741990001200753990001200765990001200777INLIS00000000000266020220614101023 a0010-0119000012ta220614 g 1 ind  a9786024243043 a398.2 a398.2 WID k0 aWIDYA, Suwarna1 aKumpulan Dongeng Kerajaan :bDiambil dari Majalah Bobo /cWidya Suwarna, Kemala P, Benny Rhamdani, Palris Jaya, Bambang Irwanto, Rae Sita Patappa, Deny Wibisono, QS Emmus, Maria Wiedyaningsih, Veronica Widyastuti, Pupuy Hurriyah, V. Elizabeth; pneyunting, Larissa Adinda acet.1 aJakarta :bKIDDO,c2017 a130 hlm. :bilus. ;c17.5 x 23 cm 4aDONGENG0 aKEMALA, P0 aBENNY, Rhamdani0 aPALRIS, Jaya0 aBAMBANG, Irwanto0 aRAE, Sita Patappa0 aDENY, Wibisono0 aQS, Emmus0 aMARIA, Wiedyaningsih0 aVERONICA, Widyastuti0 aPUPUY, Hurriyah0 aELIZABETH, V a16976 a a16976 b a16976 b a16976 a